000 01047cam a22002771 4500
001 479
003 BD-RjUL
005 20211208233203.0
008 751021s1964 ilua bc 100 0 eng
035 _a(BD-RjUL)496
040 _aDLC
_cWa
_dDLC
_dBD-RjUL
_beng
041 _aeng
082 0 0 _a025.3
_216
_bLIB
245 1 0 _aLibrary Catalogs Changing Dimensions :
_bThe Twenty-eighth Annual Conference of the Graduate Library School/, August 5-7, 1963. /
_cEdited by Ruth French Strout.
260 _aChicago ;
_aLondon :
_bUniversity of Chicago Press ,
_cc1964.
300 _a127 p. ;
_c24 cm.
500 _a"Papers ... published originally in the Library quarterly, January 1964."
526 _bInformation Science and Library Management
650 0 _aLibrary catalogs.
_91483
650 0 _aLibrary science
_xCongresses.
_91349
700 1 _aStrout, Ruth Calista (French)
_d1906-
_eed.
_91484
_q Strout Ruth French
942 _2ddc
_cBK
999 _c479
_d479